1544 1755 1285 1304 1490 1832 1185 1808 1673 1986 1772 1332 1830 1999 1326 1463 1005 1166 1500 1700 1394 1121 1431 1858 1916 1449 1004 1171 1061 1205 1834 1258 1887 1130 1896 1377 1363 1870 1429 1897 1571 1031 1126 1409 1374 1576 1283 1047 1259 1558 1008 1444 1434 1165 1041 1207 1407 1187 1442 1721 1210 1024 1130 1664 1250 1543 1156 1631 1301 1453 1858 1956 1900 1797 1739 1157 1814 1443 1254 1332 1328 1763 1864 1075 1188 1508 1189 1310 1606 1429 1625 1294 1769 1382 1844 1527 1590 1658 1682 BCNSPRNW ULIB Ver.6.0+V

เปลี่ยนเป็นภาษาไทย

Change to English
 แสดงรายละเอียดบรรณานุกรม
  กลับหน้าหลัก

Brief Record : Get Marc (ISO 2709) : E-mail record : QR code < ปิดหน้าต่าง
LEADER : 00000nam 2200000uu 4500
001    13399109624
003     ULIB
008    110407s2551||||th 000 0 tha d
020    9789744514318
060 04 WB550^bส691ด 2551
245 00 ดนตรีบำบัด /^cบรรณาธิการ บุษกร สำโรงทอง ... [และคนอื่นๆ]
246 30 เอกสารวิชาการเรื่องดนตรีบำบัด
250    พิมพ์ครั้งที่ 1
260    กรุงเทพฯ :^bสำนักการแพทย์ทางเลือกกรมพัฒนาการแพทย์แผนไทยและการแพทย์ทางเลือก กระทรวงสาธารณสุข,^c2551
300    179 หน้า :^bภาพประกอบ ;^c26 ซม.
650  7 การแพทย์ทางเลือก
650  7 การรักษาด้วยดนตรี
650  7 ดนตรีบำบัด
700 0  บุษกร สำโรงทอง,^eบรรณาธิการ
710 2  กรมพัฒนาการแพทย์แผนไทยและการแพทย์ทางเลือก.^bสำนักการแพทย์ทางเลือก
945    ^p0^l0^i025187
945    ^p0^l0^i025186
995    ทศพร
999 ^a ใช้งานได้ทุกระบบ
รายการนี้ยังไม่มีแท็ก
คุณยังไม่ได้ล็อกอิน คุณสามารถมีกิจกรรมร่วมกับเว็บไซต์ได้ แต่ต้องล็อกอินก่อน ::
  ล็อกอิน

รายการสื่อสารสนเทศ

ลำดับที่ ประเภท เลขเรียก/บาร์โค้ด สถานที่ สถานะ
- ไม่พบข้อมูล -

รายการใกล้เคียง
    หัวเรื่อง [การแพทย์ทางเลือก]
    หัวเรื่อง [ดนตรีบำบัด]

BibComment


ยังไม่เคยถูกคอมเมนท์

คอมเมนท์ทรัพยากรรายการนี้
  คอมเมนท์: ดนตรีบำบัด บรรณา..


 Copyright 2026. Bcnsprnw @Library